Governance reform for vision India / (Record no. 67621)

MARC details
000 -LEADER
fixed length control field 00415nam a22001457a 4500
005 - DATE AND TIME OF LATEST TRANSACTION
control field 20180723164827.0
020 ## - INTERNATIONAL STANDARD BOOK NUMBER
International Standard Book Number 1403927391
Terms of availability Rs. 395.00 (hbk)
035 ## - SYSTEM CONTROL NUMBER
System control number B-182287, B-182286
037 ## - SOURCE OF ACQUISITION
Stock number DPL
Source of stock number/acquisition ENG
100 ## - MAIN ENTRY--PERSONAL NAME
Personal name Mathur, B P
245 ## - TITLE STATEMENT
Title Governance reform for vision India /
Statement of responsibility, etc by B P Mathur
260 ## - PUBLICATION, DISTRIBUTION, ETC. (IMPRINT)
Place of publication, distribution, etc Delhi
Name of publisher, distributor, etc Macmillan
Date of publication, distribution, etc 2005
300 ## - PHYSICAL DESCRIPTION
Extent vii, 367p.
Dimensions 22 cms.
942 ## - ADDED ENTRY ELEMENTS (KOHA)
Source of classification or shelving scheme Dewey Decimal Classification
Item type English Books
Classification part 354
Call number suffix MAT
Holdings
Withdrawn status Lost status Not for loan Collection code Home library Current library Date acquired Cost, normal purchase price Full call number Barcode Cost, replacement price Koha item type Source of acquisition
      Non-fiction Patel Nagar Patel Nagar 23/07/2018 395.00 354 MAT B-182286 395.00 English Books BPPD/PUB
      Non-fiction Sarojini Nagar Sarojini Nagar 07/06/2012 395.00 354 MAT B-182287 395.00 English Books  

© Delhi Public Library
Hit Counter
free hit counter